000
00319nam a22001457a 4500
020
_a
81-8801-639-X
082
_a
894.812.3
_b
NAI/S
100
_a
NAIR,G. GANGADHARAN
245
_a
SWAPNANGAL
250
_a
FIRST
260
_a
KOZHIKODE
_b
LIPI PUBLICATIONS
_c
2013
300
_a
63
650
_a
PLAY
_z
KERALA
942
_c
BK
999
_c
6846
_d
6846